Memoria del ejercicio de 1968 / (Record no. 28962)

MARC details
000 -LEADER
campo de control de longitud fija 00549nam a2200169 i 4500
001 - NÚMERO DE CONTROL
campo de control 28962
003 - IDENTIFICADOR DE NÚMERO DE CONTROL
campo de control ES-MaACL
005 - FECHA Y HORA DE LA ÚLTIMA TRANSACCIÓN
campo de control 20230906153946.0
007 - CAMPO FIJO DE DESCRIPCIÓN FÍSICA--INFORMACIÓN GENERAL
campo de control de longitud fija t|
008 - DATOS DE LONGITUD FIJA--INFORMACIÓN GENERAL
campo de control de longitud fija 030120s1969 sp ||||1| spa d
110 00 - ENTRADA PRINCIPAL--NOMBRE DE ENTIDAD CORPORATIVA
Nombre de entidad corporativa o nombre de jurisdicción como elemento de entrada Banco de Crédito Industrial.
9 (RLIN) 2102
245 10 - MENCIÓN DEL TÍTULO
Título Memoria del ejercicio de 1968 /
Mención de responsabilidad, etc. Banco de Crédito Industrial de España.
260 ## - PUBLICACIÓN, DISTRIBUCIÓN, ETC.
Lugar de publicación, distribución, etc. [S.l. :
Nombre del editor, distribuidor, etc. s.n.,
Fecha de publicación, distribución, etc. 1969] (
Lugar de fabricación/manufactura Barcelona :
Fabricante Ariel)
300 ## - DESCRIPCIÓN FÍSICA
Extensión 118 p. :
Otras características físicas il. ;
Dimensiones 30 cm.
610 24 - PUNTO DE ACCESO ADICIONAL DE MATERIA--NOMBRE DE ENTIDAD CORPORATIVA
Nombre de entidad corporativa o nombre de jurisdicción como elemento de entrada Banco de Crédito Industrial-
Subdivisión de forma Memorias.
9 (RLIN) 162006
852 ## - LOCALIZACIÓN
Ubicación ES-MaACL
Número de control de estantería C-36343
Sublocalización o colección R.70714
Holdings
Estatus retirado Estado de pérdida Estado de daño No para préstamo Biblioteca de origen Biblioteca actual Ubicación en estantería Fecha de adquisición Fuente de adquisición Total de préstamos Signatura topográfica completa Código de barras Visto por última vez Precio de reemplazo Tipo de ítem Koha
        Biblioteca del Ateneo de Madrid Biblioteca del Ateneo de Madrid Depósito 2 17/01/2008     C-36343 1029900 23/02/2023 23/02/2023 Libro impreso